| 000 | 00000nam##2200000za#4500 |
| 001 | 9.694253 |
| 003 | CaOODSP |
| 005 | 20210624234031 |
| 007 | cr ||||||||||| |
| 008 | 150407|1997||||xxc|||||o f|0| 0 eng|d |
| 040 | |aCaOODSP|beng |
| 043 | |an-cn--- |
| 086 | 1 |aNH15-171/1997E-PDF |
| 110 | 2 |aCanada Mortgage and Housing Corporation. |
| 245 | 10|aLevies, fees, charges, taxes and transaction costs on new housing / |h[electronic resource]|cby Greg Lampert and Marc Denhez. |
| 260 | |aOttawa - Ontario : |bCanada Mortgage and Housing Corporation |cc1997. |
| 300 | |a123p.|bgraphs, tables |
| 500 | |a"This study, examines the levies, fees, charges, taxes and transaction costs which would accrue on modest new housing in 26 municipalities across Canada."--Executive summary. |
| 500 | |aThe catalogue number (NH15-171/1997E) and ISBN (0-660-16913-4) for the print edition have been incorrectly copied in this electronic publication. For revised edition, see NH15-409/2003E-PDF. |
| 520 | 3 |aThis study, examines the levies, fees, charges, taxes and transaction costs which would accrue on modest new housing in 26 municipalities across Canada.--Executive summary |
| 590 | |a11-05-Supp|b2011-03-15 |
| 690 | 07|aHousing|2gcpds |
| 720 | 1 |aLampert, Greg |
| 720 | 1 |aDenhez, Marc |
| 775 | 08|tLes impôts, droits, frais, taxes et coûts de transaction sur les logements neufs / |w(CaOODSP)9.638429 |
| 776 | 0#|tLevies, fees, charges, taxes and transaction costs on new housing / |w(CaOODSP)9.646534 |
| 856 | 40|ahttp://publications.gc.ca|qPDF|s5.41 MB|uhttps://publications.gc.ca/collections/collection_2011/schl-cmhc/NH15-171-1997-eng.pdf |